Lecture Notes in Computer Science : 4th International Conference, EuroMed 2012 Limassol, Cyprus, October 29 - November 3, 2012 Proceedings

Salvato in:
Dettagli Bibliografici
Altri autori: Ioannides, Marinos (Redattore), Fritsch, Dieter (Redattore), Leissner, Johanna (Redattore), Davies, Rob (Redattore), Remondino, Fabio (Redattore), Caffo, Rossella (Redattore)
Natura: Periodico
Lingua:inglese
Pubblicazione: Berlín : Springer, 2012
Tags: Aggiungi Tag
Nessun Tag, puoi essere il primo ad aggiungerne!!

MARC

LEADER 00000nas a22000003a 4500
001 stu256858
005 20190206105219.1
008 121106s2012----gw------------------eng-d
040 |a STU  |b slo 
041 0 |a eng 
044 |a gw 
100 1 |a Ioannides, Marinos  |4 edt 
245 1 |a Lecture Notes in Computer Science :  |b 4th International Conference, EuroMed 2012 Limassol, Cyprus, October 29 - November 3, 2012 Proceedings 
260 |a Berlín :  |b Springer,  |c 2012 
300 |a 898 s 
700 1 |a Fritsch, Dieter  |4 edt 
700 1 |a Leissner, Johanna  |4 edt 
700 1 |a Davies, Rob  |4 edt 
700 1 |a Remondino, Fabio  |4 edt 
700 1 |a Caffo, Rossella  |4 edt 
773 0 |t Lecture Notes in Computer Science  |w stu_us_cat*stu99070  |x 0302-9743  |7 nnas 
996 |c I*Z6955  |d Vol. 7616 Progress in Cultural Heritage Preservation, 2012  |v Vol. 7616 Progress in Cultural Heritage Preservation  |y 2012  |l I  |s A  |a 24  |w stu256858_0001